Central Library OPAC University of Rajshahi

Truth in the religions : (Record no. 20211)

MARC details
000 -LEADER
fixed length control field 00866cam a22002651 4500
001 - CONTROL NUMBER
control field 20211
003 - CONTROL NUMBER IDENTIFIER
rucl marc code BD-RjUL
005 - DATE AND TIME OF LATEST TRANSACTION
control field 20211209000532.0
008 - FIXED-LENGTH DATA ELEMENTS--GENERAL INFORMATION
fixed length control field 140227s1963 xx 001 0 eng
035 ## - SYSTEM CONTROL NUMBER
System control number (BD-RjUL)20273
System control number (OCoLC)489834
040 ## - CATALOGING SOURCE
Original cataloging agency DLC
Transcribing agency OTU
Modifying agency Uk
-- DLC
-- BD-RjUL
Language of cataloging eng
041 ## - LANGUAGE CODE
Language code of text/sound track or separate title eng
082 00 - DEWEY DECIMAL CLASSIFICATION NUMBER
Classification number 301.58
Author mark and year WAT 1963
100 1# - MAIN ENTRY--PERSONAL NAME
Personal name Watt, W. Montgomery
Fuller form of name (William Montgomery)
9 (RLIN) 52732
245 10 - TITLE STATEMENT
Title Truth in the religions :
Remainder of title A sociological and psychological approach /
Statement of responsibility, etc. William Montgomery Watt.
260 ## - PUBLICATION, DISTRIBUTION, ETC. (IMPRINT)
Place of publication, distribution, etc. Edinburgh :
Name of publisher, distributor, etc. University Press,
Date of publication, distribution, etc. 1963.
300 ## - PHYSICAL DESCRIPTION
Pagination viii, 190 p. ;
Size 24 cm.
504 ## - BIBLIOGRAPHY, ETC. NOTE
Bibliography, etc Bibliographical references included in "Notes" (p. [176]-179) and index.
650 #0 - SUBJECT ADDED ENTRY--TOPICAL TERM
Topical term or geographic name as entry element Religion and sociology.
9 (RLIN) 5230
Topical term or geographic name as entry element Psychology, Religious.
9 (RLIN) 62298
942 ## - ADDED ENTRY ELEMENTS (KOHA)
Source of classification or shelving scheme Dewey Decimal Classification
Koha item type Books
Holdings
Lost status Source of classification or shelving scheme Damaged status Not for loan Collection code Permanent Location Current Location Shelving location Date acquired Source of acquisition Cost, normal purchase price Total Checkouts Full call number Date last seen Copy number Koha item type
  Dewey Decimal Classification   Not For Loan Non-fiction Central Library, University of Rajshahi Central Library, University of Rajshahi Reading Room 29/05/1964 thomas & thoma com. 27.00   301.58 WAT 1963 27/02/2014 C-1 Books